1381 1897 1006 1345 1890 1922 1839 1157 1838 1945 1961 1553 1879 1336 1021 1312 1064 1160 1256 1200 1627 1379 1202 1000 1339 1666 1056 1033 1281 1732 1912 1705 1253 1047 1370 1657 1371 1462 1574 1613 1407 1212 1498 1399 1615 1082 1175 1503 1652 1939 1799 1018 1632 1743 1943 1117 1635 1813 1575 1912 1342 1717 1781 1947 1771 1455 1480 1739 1955 1317 1838 1246 1765 1605 1272 1530 1510 1132 1466 1724 1964 1807 1652 1556 1027 1503 1308 1338 1810 1413 1459 1696 1189 1259 1907 1893 1160 1314 1244 BCNSPRNW ULIB Ver.6.0+V

เปลี่ยนเป็นภาษาไทย

Change to English
 แสดงรายละเอียดบรรณานุกรม
  กลับหน้าหลัก

Brief Record : Get Marc (ISO 2709) : E-mail record : QR code < ปิดหน้าต่าง
LEADER : 00000nam 2200000uu 4500
001    13399128909
003     ULIB
008    241028s2022||||th 000 0 tha d
020    ^a9780729544009
060 04 ^aWQ165^bJ62M
100 1  ^aJoanne Gray & Rachel Smith
245 00 ^aMidwifery essentials./^cJoanne Gray & Rachel Smith
260    ^aAustralia :^bElsevier,^c2022
300    ^a100 p. : ^bill. ;^c12 cm.
650  2 ^aMidwifery
650  2 ^aPractising midwife.
945    ^p1147^l0^i011156
999    ^aประนอม เกษจรัล
รายการนี้ยังไม่มีแท็ก
คุณยังไม่ได้ล็อกอิน คุณสามารถมีกิจกรรมร่วมกับเว็บไซต์ได้ แต่ต้องล็อกอินก่อน ::
  ล็อกอิน

รายการสื่อสารสนเทศ

ลำดับที่ ประเภท เลขเรียก/บาร์โค้ด สถานที่ สถานะ
1. วิทยาศาสตร์การแพทย์ และสุขภาพ
หนังสือสำรอง
สถานะ=หนังสือสำรอง
WQ165 J62M ฉ.1 
  Barcode: 011156
ห้องสมุดวิทยาเขตสวรรค์ประชารักษ์
►หนังสือทั่วไป
บนชั้น

รายการใกล้เคียง
    หัวเรื่อง [Midwifery]

BibComment


ยังไม่เคยถูกคอมเมนท์

คอมเมนท์ทรัพยากรรายการนี้
  คอมเมนท์: Midwifery essent..


 Copyright 2026. Bcnsprnw @Library